00254nam a22000977a 4500008004100000020001800041100001900059245004800078250002100126300000900147140526t xxu||||| |||| 00| 0 eng d a81-312-0590-8 aMark. H. Beers aThe Merck Manual bof diagnosis and therapy aeighteen edition a2991